| 000 | 01660nam2a22002531 4500 | ||
|---|---|---|---|
| 001 | rc\3717810 | ||
| 005 | 20250610103300.0 | ||
| 021 |
_aRU _b[70-20944] |
||
| 035 | _a(NLR Aleph) 007860425 | ||
| 090 |
_a7798888 _c7798888 |
||
| 100 | _a20130115d1970 |||y0rusy50 ca | ||
| 101 | 0 | _arus | |
| 102 | _aRU | ||
| 105 | _ay z ||||| | ||
| 200 | 1 | _aРасчет алгоритмов (программ) самонастройки для аналитических систем с жесткой адаптацией | |
| 210 |
_d1970 _aБ. м. |
||
| 215 |
_a32 с. _cграф. |
||
| 461 | 0 |
_1001rc\3717809 _12001#$aИнженерные методы расчета самонастраивающихся систем промышленной автоматики$eВып. 1-$fЛенингр. организация о-ва "Знание" РСФСР. Ленингр. дом науч.-техн. пропаганды$vВып. 1 _1700#1$aСуевалов$bЛ.Ф.$gЛеонид Федорович _97798886 _aСуевалов, Л.Ф. _cЛенинград _d1970- _fЛенингр. организация о-ва "Знание" РСФСР. Ленингр. дом науч.-техн. пропаганды _nБ. и. _oВып. 1- _tИнженерные методы расчета самонастраивающихся систем промышленной автоматики _vВып. 1 |
|
| 532 | 1 | 3 | _aРасчет алгоритмов программ самонастройки для аналитических систем с жесткой адаптацией |
| 801 | 0 |
_aRU _bNLR _gpsbo |
|
| 801 | 1 |
_aRU _bELAR _2rusmarc |
|
| 852 |
_aNLR _j70-6/1382 |
||
| 942 | _cBOOK | ||
| 980 | _aNB | ||